Sức mạnh để thành công = Power to win

Zapisane w:
Opis bibliograficzny
1. autor: Staples, Walter Doyle
Format: Książka
Język:Undetermined
Wydane: Hà Nội Trẻ 2011
Hasła przedmiotowe:
Etykiety: Dodaj etykietę
Nie ma etykietki, Dołącz pierwszą etykiete!
Thư viện lưu trữ: Trung tâm Học liệu Trường Đại học Cần Thơ
LEADER 00607nam a2200217Ia 4500
001 CTU_180693
008 210402s9999 xx 000 0 und d
020 |c 51000 
082 |a 158 
082 |b S794 
100 |a Staples, Walter Doyle 
245 0 |a Sức mạnh để thành công = 
245 0 |b Power to win 
245 0 |c Walter Doyle Staples ; Nguyễn Lan Hương (dịch) 
260 |a Hà Nội 
260 |b Trẻ 
260 |c 2011 
650 |a Success,Thành công 
904 |i Hà Trang 
910 |a Nguyên 
980 |a Trung tâm Học liệu Trường Đại học Cần Thơ